00653nam a2200205 a 450000100060000000300080000600500170001400800410003102000250007203500190009704000270011604100080014308200310015110000190018224500570020126000750025830000240033350400410035765000490039860750BD-RjUL20211209080858.0170102s1978 bg b 000 0 eng  cTk15.00 ($3.00 U.S.) a(BD-RjUL)60874 aDLCcDLCdBD-RjULbeng aeng00a346.01345492223bSOL 19781 aSobhan, Salma.10aLegal status of women in Bangladesh /cSalma Sobhan. aDacca :bBangladesh Institute of Law and International Affairs,c1978. aii, 52 p. ;c24 cm. aIncludes bibliographical references. 0aLegal status, laws, etc.zBangladesh.2Women